| 000 | 00449nam a2200157Ia 4500 | ||
|---|---|---|---|
| 003 | OSt | ||
| 005 | 20200625131945.0 | ||
| 008 | 190216s9999||||xx |||||||||||||| ||und|| | ||
| 040 | _coclc | ||
| 082 |
_a954 _bRAN/S |
||
| 100 |
_aRandathani, Husain _91881 |
||
| 245 | 0 |
_a Swathanthryam Vibhajanathil / _cHusain Randathani |
|
| 260 |
_bIrshad Publications, _c1988. |
||
| 300 | _a536p | ||
| 942 |
_cBK _2ddc _h954 _iRAN/S _k954 _mRAN/S |
||
| 999 |
_c20067 _d20067 |
||